Eastern Utah Libraries Catalog: Duchesne, Heber, Roosevelt, & Vernal

Santa Claws / (Record no. 411882)

MARC details
000 -LEADER
fixed length control field 01999nam a2200457 i 4500
001 - CONTROL NUMBER
control field 1464590948
005 - DATE AND TIME OF LATEST TRANSACTION
control field 20250925132602.0
007 - PHYSICAL DESCRIPTION FIXED FIELD--GENERAL INFORMATION
fixed length control field t|
008 - FIXED-LENGTH DATA ELEMENTS--GENERAL INFORMATION
fixed length control field 250610s2025 nyua a 000 1 eng d
010 ## - LIBRARY OF CONGRESS CONTROL NUMBER
LC control number 2024949206
020 ## - INTERNATIONAL STANDARD BOOK NUMBER
International Standard Book Number 9781250909497
Qualifying information hardback
035 ## - SYSTEM CONTROL NUMBER
System control number (OCoLC)1464590948
035 90 - SYSTEM CONTROL NUMBER
System control number (OCoLC)1464590948
040 ## - CATALOGING SOURCE
Original cataloging agency TnLvILS
Language of cataloging eng
Transcribing agency TnLvILS
Description conventions rda
092 ## - LOCALLY ASSIGNED DEWEY CALL NUMBER (OCLC)
Classification number children holiday books
Item number Heos
100 1# - MAIN ENTRY--PERSONAL NAME
Personal name Heos, Bridget,
Relator term author.
Relator code aut.
9 (RLIN) 5700383
245 10 - TITLE STATEMENT
Title Santa Claws /
Statement of responsibility, etc written by Bridget Heos ; illustrated by Galia Bernstein.
246 3# - VARYING FORM OF TITLE
Title proper/short title Santa Claus.
250 ## - EDITION STATEMENT
Edition statement First edition.
264 #1 - Production, Publication, Distribution, Manufacture, and Copyright Notice.
Place of production, publication, distribution, manufacture New York :
Name of producer, publisher, distributor, manufacturer Henry Holt and Company,
Date of production, publication, distribution, manufacture, or copyr 2025.
300 ## - PHYSICAL DESCRIPTION
Extent 1 volume (unpaged) :
Other physical details color illustrations ;
Dimensions 23 x 29 cm.
336 ## - Content Type
Content type term text
336 ## - Content Type
Content type term still image
337 ## - Media type
Media type term unmediated
338 ## - Carrier type
Carrier type term volume
520 ## - SUMMARY, ETC.
Summary, etc "With bouncy ... rhymes, Santa Claws celebrates Christmas in the Cretaceous world. Every year, [he] delivers presents, spreading cheer wherever he goes. Every dino in the land gets into the Christmas spirit: Boneheads make toys, Gallimimus trims the Christmas tree, and Tiny T-Rex makes sure Santa doesn't go hungry. Get ready for a ride on Santa's sled (pulled, of course, by pterosaurs) in this ... holiday tale"--
600 00 - SUBJECT ADDED ENTRY--PERSONAL NAME
Personal name Santa Claus
Titles and other words associated with a name (Fictitious character)
Form subdivision Juvenile fiction.
9 (RLIN) 6429029
600 01 - SUBJECT ADDED ENTRY--PERSONAL NAME
Personal name Santa Claus
Form subdivision Fiction.
9 (RLIN) 5715698
650 #0 - SUBJECT ADDED ENTRY--TOPICAL TERM
Topical term or geographic name as entry element Christmas stories.
650 #0 - SUBJECT ADDED ENTRY--TOPICAL TERM
Topical term or geographic name as entry element Dinosaurs
Form subdivision Juvenile fiction.
9 (RLIN) 5675178
650 #0 - SUBJECT ADDED ENTRY--TOPICAL TERM
Topical term or geographic name as entry element Tyrannosaurus rex
Form subdivision Juvenile fiction.
9 (RLIN) 5685937
650 #1 - SUBJECT ADDED ENTRY--TOPICAL TERM
Topical term or geographic name as entry element Christmas
Form subdivision Fiction.
9 (RLIN) 5675145
650 #1 - SUBJECT ADDED ENTRY--TOPICAL TERM
Topical term or geographic name as entry element Dinosaurs
Form subdivision Fiction.
9 (RLIN) 5674710
650 #1 - SUBJECT ADDED ENTRY--TOPICAL TERM
Topical term or geographic name as entry element Tyrannosaurus rex
Form subdivision Fiction.
9 (RLIN) 5685938
650 #1 - SUBJECT ADDED ENTRY--TOPICAL TERM
Topical term or geographic name as entry element Stories in rhyme.
655 #7 - INDEX TERM--GENRE/FORM
Genre/form data or focus term Stories in rhyme.
Source of term lcgft.
655 #7 - INDEX TERM--GENRE/FORM
Genre/form data or focus term Picture books.
Source of term lcgft.
655 #7 - INDEX TERM--GENRE/FORM
Genre/form data or focus term Animal fiction.
Source of term cgft.
9 (RLIN) 5748285
700 1# - ADDED ENTRY--PERSONAL NAME
Personal name Bernstein, Galia,
Relator term illustrator.
9 (RLIN) 5716759
942 ## - ADDED ENTRY ELEMENTS (KOHA)
Source of classification or shelving scheme Dewey Decimal Classification
Koha item type BOOK
Holdings
Withdrawn status Lost status Source of classification or shelving scheme Damaged status Not for loan Collection code Home library Current library Shelving location Date acquired Source of acquisition Total Checkouts Total Renewals Full call number Barcode Date last seen Date checked out Cost, replacement price Price effective from Koha item type
    Dewey Decimal Classification     Children Holiday Books Wasatch County Library Wasatch County Library Main Floor Childrens Area 09/25/2025 Amazon 2 1 E Christmas Heos 34301002008755 12/27/2025 12/08/2025 18.99 09/25/2025 BOOK
This project was made possible through a grant from the Institute of Museum and Library Service administered by the Utah State Library Division.

Wasatch County Library

  • 465 East 1200 South, Heber City, Utah 84032
  • Phone 435-654-1511 | Fax 435-654-6456

Hours

  • Monday - Friday 9:30 AM - 8:00 PM
  • Saturday 9:30 AM - 1:30 PM
  • Closed Sundays and Holidays